000 00823nam a2200217 a 4500
001 12364823
008 150331s2001 ||||||||||||||||| || u
010 _a2001026159
020 _a0821349414
050 _aIBRD(06)CS/2001/3
110 _aWorld Bank
245 1 0 _aTanzania at the turn of the century : from reforms to sustained growth and poverty reduction.
260 _aWashington, D.C.
_bWorld Bank
_c2001
300 _axxvi, 86 p. : ill.
490 _aWorld Bank Country Study
500 _aIncludes bibliographical references.
650 _aTANZANIA--ECONOMIC CONDITIONS--1964-
650 _aSUSTAINABLE DEVELOPMENT--TANZANIA
650 0 _aPOVERTY - TANZANIA
995 _FCBU-MAIN LIBRARY (Kitwe)
_M1
_UAVAILABLE
_WMar 31, 2015
_ZInternational Publications
999 _c59372
_d59372